000 00567nam a2200193Ia 4500
008 151121s9999||||xx |||||||||||||| ||und||
082 _a817/प्रभाव
082 _bHNW-62456
100 _aप्रभावळकर दिलीप।
245 _aहसगत
260 _b"अंतरकर, पुणे।"
260 _c--
300 _a221
600 _aप्रभावळकर दिलीप।
630 _aहसगत
700 _aप्रभावळकर दिलीप।
730 _aहसगत
942 _cBOOK
999 _c1243993
_d1243990